| 000 | 01138cam a22003375a 4500 | ||
|---|---|---|---|
| 001 | 14672100 | ||
| 005 | 20150805142432.0 | ||
| 008 | 061215s2008 mauao f 001 0 eng d | ||
| 010 | _a2006100839 | ||
| 020 | _a9780205493708 | ||
| 020 | _a020549370x | ||
| 035 | _a(OCoLC)ocm77116803 | ||
| 035 | _a(OCoLC)77116803 | ||
| 040 |
_aDLC _beng _cDLC _dEG-ScBUE |
||
| 050 | 0 | 0 |
_aP90 _b.V53 2008 |
| 082 | 0 | 4 |
_a302.23 _222 _bVIV |
| 100 | 1 |
_aVivian, John. _99698 |
|
| 245 | 1 | 4 |
_aThe media of mass communication / _cJohn Vivian. |
| 250 | _a8th ed., | ||
| 260 |
_aBoston, Massachusetts : _bPearson Allyn and Bacon, _cc.2008. |
||
| 300 |
_axxvii, 516 p. : _bill. (some col.), photos, ports. ; _c28 cm. |
||
| 500 | _aIndex : p. 503-513. | ||
| 504 | _aIncludes bibliographical references . | ||
| 590 | _aMustafa Galal. | ||
| 650 | 0 |
_aMass media. _99699 _2BUEsh |
|
| 651 | _2BUEsh | ||
| 653 |
_bCOMAME _cAugust2015 |
||
| 856 | 4 | 1 |
_3Table of contents only _uhttp://www.loc.gov/catdir/toc/ecip076/2006100839.html |
| 942 |
_2ddc _cBB |
||
| 999 |
_c12995 _d12995 |
||